Loading...
| Science - Chemistry | 0 | 4 | 0 | 1 | 40 | 96 | 106.25 | 0 | 0 | 1.78 | 8.49 |
| Science - Biology | 0 | 2 | 0 | 1 | 20 | 95 | 106.50 | 0 | 0 | 1.39 | 4.59 |
| History - Other | 0 | 1 | 0 | 0 | 10 | 86 | 86.00 | 0 | 0 | 2.46 | 4.86 |
| Literature - American | 0 | 1 | 0 | 0 | 10 | 144 | 144.00 | 0 | 0 | 0.28 | 3.21 |
| Social Science | 0 | 1 | 0 | 0 | 10 | 92 | 92.00 | 0 | 0 | 0.51 | 1.92 |
| Fine Arts - Other | 0 | 1 | 0 | 0 | 10 | 106 | 106.00 | 0 | 0 | 0.72 | 4.17 |
| Current Events | 0 | 1 | 0 | 1 | 10 | 129 | 129.00 | 0 | 0 | 0.00 | 2.56 |
| Science - Physics | 0 | 1 | 1 | 1 | 5 | 130 | 130.00 | 0 | 0 | 0.00 | 0.69 |
| Fine Arts - Classical Music | 0 | 0 | 0 | 0 | 0 | 0.00 | 0 | 0 | 0.00 | 0.00 | |
| Science - Other | 0 | 1 | 2 | 0 | 0 | 121 | 121.00 | 0 | 0 | 0.00 | 3.21 |
| History - American | 0 | 0 | 0 | 0 | 0 | 0.00 | 0 | 0 | 0.00 | 0.00 |